| 000 | 00447nam a22001937a 4500 | ||
|---|---|---|---|
| 999 |
_c479884 _d479884 |
||
| 003 | ASAB | ||
| 005 | 20180926052503.0 | ||
| 008 | 151014t xxu||||| |||| 00| 0 eng d | ||
| 020 | _a969-472-112-1 | ||
| 038 | _aASAB | ||
| 040 | _cASAB | ||
| 082 | _aFIC | ||
| 100 |
_aAshfaq Ahmad _91346 |
||
| 245 | _aSubhan-e-Afsane | ||
| 246 | _asubhane afsane | ||
| 260 |
_aLahore _bSang e Meel Publications _c2009 |
||
| 300 | _a279 P | ||
| 942 |
_2ddc _cBK |
||